Central Library OPAC University of Rajshahi

High temperature metallography / (Record no. 17195)

MARC details
000 -LEADER
fixed length control field 00883cam a22002771 4500
001 - CONTROL NUMBER
control field 17195
003 - CONTROL NUMBER IDENTIFIER
rucl marc code BD-RjUL
005 - DATE AND TIME OF LATEST TRANSACTION
control field 20211209000113.0
008 - FIXED-LENGTH DATA ELEMENTS--GENERAL INFORMATION
fixed length control field 140216s1961 nyuacf b 000 0 eng
035 ## - SYSTEM CONTROL NUMBER
System control number (BD-RjUL)17252
040 ## - CATALOGING SOURCE
Original cataloging agency DLC/ICU
Transcribing agency ICU
Modifying agency DLC
-- BD-RjUL
Language of cataloging eng
041 1# - LANGUAGE CODE
Language code of text/sound track or separate title engrus
082 00 - DEWEY DECIMAL CLASSIFICATION NUMBER
Classification number 669.95
Author mark and year LOH 1961
100 1# - MAIN ENTRY--PERSONAL NAME
Personal name Lozinskii, M. G.
Fuller form of name (Mikhail Grigorʹevich),
Dates associated with a name 1909-
9 (RLIN) 53028
245 10 - TITLE STATEMENT
Title High temperature metallography /
Statement of responsibility, etc. Translated by L. Herdan.
260 ## - PUBLICATION, DISTRIBUTION, ETC. (IMPRINT)
Place of publication, distribution, etc. New York :
Name of publisher, distributor, etc. Pergamon Press,
Date of publication, distribution, etc. c1961.
300 ## - PHYSICAL DESCRIPTION
Pagination xix, 484 p. :
Illustrations illus. ;
Size 26 cm.
504 ## - BIBLIOGRAPHY, ETC. NOTE
Bibliography, etc Bibliography: p. 461-472.
Bibliography, etc Includes Index.
650 #0 - SUBJECT ADDED ENTRY--TOPICAL TERM
Topical term or geographic name as entry element Metallography.
9 (RLIN) 53029
Topical term or geographic name as entry element Metals
General subdivision Effect of high temperatures on.
9 (RLIN) 39999
942 ## - ADDED ENTRY ELEMENTS (KOHA)
Source of classification or shelving scheme Dewey Decimal Classification
Koha item type Books
Holdings
Lost status Source of classification or shelving scheme Damaged status Not for loan Collection code Permanent Location Current Location Shelving location Date acquired Source of acquisition Cost, normal purchase price Total Checkouts Full call number Date last seen Copy number Koha item type
  Dewey Decimal Classification   Not For Loan Non-fiction Central Library, University of Rajshahi Central Library, University of Rajshahi Reading Room 23/10/1970 sweets & zeithinger 122.00   669.95 LOH 1961 16/02/2014 C-1 Books